Fast Food Restaurants by Conutry Quiz Stats

 Plays Quiz not verified by Sporcle

Challenge
Share
Tweet
Embed
Score 0/20 Timer 05:00
0 Plays Today
Restaurant Country % Correct
McDonald'sUSA
91.7%
SukiyaJapan
82.7%
Mr. LeeChina
78.9%
GreggsUK
75.9%
LafleurCanada
75.2%
NordseeGermany
75.2%
OportoAustralia
61.7%
Saravana BhavanIndia
61.7%
Bob'sBrazil
57.9%
Supermac'sIreland
53.4%
Restaurant Country % Correct
Nando'sSouth Africa
50.4%
HesburgerFinland
38.3%
QuickBelgium
36.1%
Mo'menEgypt
33.8%
JollibeePhilippines
31.6%
Old Chang KeeSingapore
25.6%
Al BaikSaudi Arabia
22.6%
The Chicken Rice ShopMalaysia
21.8%
Mr. Bigg'sNigeria
12.8%
Mario's PizzeriaTrinidad and Tobago
3.8%

You're not logged in!

Compare scores with friends on all Sporcle quizzes.
Join for Free
OR
Log In

You Might Also Like...

Show Comments

Extras

Top Quizzes Today


Score Distribution

Your Account Isn't Verified!

In order to create a playlist on Sporcle, you need to verify the email address you used during registration. Go to your Sporcle Settings to finish the process.

Report this User

Report this user for behavior that violates our Community Guidelines.

Details: